|
|
|
|
| LEADER |
00000cab a2200000 4500 |
| 001 |
vtls011892916 |
| 003 |
SK-MaSNL |
| 005 |
20260318140637.0 |
| 008 |
191010|2019 xo |||| || ||00 0|hun |
| 015 |
|
|
|a SNBRB2019/06
|
| 038 |
|
|
|a DSZK
|
| 040 |
|
|
|a DSZK
|b hun
|d DSZK
|e rda
|
| 041 |
|
|
|a hun
|
| 043 |
|
|
|a e-xo---
|a e-au---
|
| 044 |
|
|
|a xo
|c SK
|
| 072 |
|
7 |
|a 373.5/.6
|x Stredné školy
|2 konspekt
|
| 072 |
|
7 |
|a 93/94
|x Dejiny (všeobecne)
|2 konspekt
|
| 080 |
|
|
|a 373.5(=511.141)(437.6)
|2 2011
|
| 080 |
|
|
|a 93/94
|2 2011
|
| 080 |
|
|
|a 7.092:0/9
|2 2011
|
| 100 |
1 |
|
|a Elek, József
|4 aut
|9 647416
|
| 245 |
1 |
0 |
|a Selyések Kismartonban: "Helyreállt a remény"
|c Elek József
|
| 300 |
|
|
|b Fotografie
|
| 336 |
|
|
|a text
|b txt
|2 rdacontent
|
| 337 |
|
|
|a bez média
|b n
|2 rdamedia
|
| 338 |
|
|
|a zväzok
|b nc
|2 rdacarrier
|
| 610 |
2 |
7 |
|a Gymnázium Jánosa Selyeho (Komárno, Slovensko)
|2 SNKKA
|9 33452
|
| 611 |
2 |
7 |
|a Estöri kreativ történelmi verseny
|d (2019 :
|c Eisenstadt, Rakúsko)
|2 dszk
|9 1128569
|
| 650 |
0 |
7 |
|a dejepis
|2 SNKPH
|9 4288
|
| 650 |
0 |
7 |
|a vedomostné súťaže
|2 SNKPH
|9 73818
|
| 651 |
|
7 |
|a Komárno (Slovensko)
|2 SNKPHgeo
|9 39168
|
| 651 |
|
7 |
|a Eisenstadt (Rakúsko)
|2 dszk
|9 58342
|
| 773 |
0 |
|
|t Katedra
|g Évf. XXVI. , sz. 10 (2019), o. 36
|x 1335-6445
|
| 958 |
|
|
|a HU
|
| 958 |
|
|
|a SK
|
| 958 |
|
|
|a AT
|
| 999 |
|
|
|c 1897798
|d 1899728
|